|
|
|
|
| LEADER |
00000cam a2200000 a 4500 |
| 001 |
vtls001062659 |
| 003 |
SK-MaSNL |
| 005 |
20260301110748.0 |
| 008 |
170706s1990 xo dal frnp 00000 slo |
| 015 |
|
|
|a SNBA1990/07
|
| 020 |
|
|
|a 8022800511
|q (brožované)
|
| 035 |
|
|
|a SNK000005487
|
| 035 |
|
|
|a urn:nbn:sk:snk-amlqun
|
| 035 |
|
|
|a urn:nbn:sk:snk-am00c0oj
|
| 035 |
|
|
|a 8C879960-211B-46D5-A098-232F164D5542
|
| 040 |
|
|
|a SNK
|b slo
|c SNK
|e AACR2
|
| 041 |
0 |
|
|a slo
|
| 044 |
|
|
|a xo
|c SK
|
| 072 |
|
7 |
|a 674
|x Drevo. Drevársky priemysel
|2 konspekt
|
| 072 |
|
7 |
|a 37.016
|x Učebné osnovy. Vyučovacie predmety. Učebnice
|2 konspekt
|
| 080 |
|
|
|a 674.03
|2 2011
|
| 080 |
|
|
|a (075.8)
|2 2011
|
| 080 |
|
|
|a 66.014
|2 2001
|
| 100 |
1 |
|
|a Melcer, Imrich,
|d 1927-1997
|4 aut
|9 170718
|
| 245 |
1 |
0 |
|a Chémia dreva
|c Imrich Melcer, Anna Melcerová, Miloslav Vozár
|
| 250 |
|
|
|a 1. vyd.
|
| 260 |
|
|
|a Vo Zvolene
|b Vysoká škola lesnícka a drevárska
|c 1990
|
| 300 |
|
|
|a 220 strán
|b grafy, ilustrácie, schémy, tabuľky
|c 30 cm
|
| 366 |
|
|
|e 600 kusov
|
| 500 |
|
|
|a Vydala Vysoká škola lesnícka a drevárska vo Zvolene, Drevárska fakulta, Katedra chémie a chemickej technológie dreva
|
| 500 |
|
|
|a Slovníček na strane 213-216
|
| 504 |
|
|
|a Bibliografia na strane 217
|
| 650 |
0 |
7 |
|a drevo
|2 SNKPH
|9 3560
|
| 650 |
0 |
7 |
|a chemické zloženie
|2 SNKPH
|9 51163
|
| 655 |
|
7 |
|a učebnice vysokých škôl
|2 SNKPH
|9 70191
|
| 700 |
1 |
|
|a Melcerová, Anna,
|d 1928-1997
|4 aut
|9 170721
|
| 700 |
1 |
|
|a Vozár, Miloslav
|4 aut
|9 449308
|
| 710 |
2 |
|
|a Vysoká škola lesnícka a drevárska vo Zvolene.
|b Drevárska fakulta.
|b Katedra chémie a chemickej technológie dreva
|4 pbl
|9 133448
|
| 752 |
|
|
|a Slovensko
|d Zvolen
|
| 852 |
|
|
|a Slovenská národná knižnica
|
| 919 |
|
|
|a 80-228-0051-1
|
| 954 |
|
|
|a odborná, vedecká literatúra pôvodná (slovenská)
|2 lita
|
| 958 |
|
|
|a RK
|
| 958 |
|
|
|a TL
|
| 958 |
|
|
|a NB
|
| 958 |
|
|
|a OND
|
| 958 |
|
|
|a UV
|
| 999 |
|
|
|c 704113
|d 706043
|
| 952 |
|
|
|t P60, <04>, [BOOK], {604}
|a SNK
|b SNK
|y VYP
|7 0
|p 17A0124252
|o snkSB 47060 D1
|0 0
|1 0
|4 0
|d 1998-02-27
|l 0
|r 2004-12-31 00:00:00
|w 2026-02-23
|
| 952 |
|
|
|a SNK
|b SNK
|y PREZ
|7 0
|p 17A0860769
|o snkSB 47060
|i snkKSP 7351/90
|0 0
|1 0
|4 0
|d 2012-07-16
|f 1
|l 0
|r 2025-02-07 00:00:00
|w 2026-02-23
|